00998nam a22002895a 4500001001000000005001700010008004100027010001500068020001800083040001300101042001000114043001200124050002400136245006200160260004800222300005500270504004100325505017600366521002200542650002100564650001900585700001900604700001800623700002300641700002200664700002200686SSB01122620141211145319.0110121s2010 ph a 000 0 eng  a2010440354 a9789710579044 aDLCcDLC alcode aa-ph--- aHV 2474b.L697 201000aListen to unspoken words /cJoaquin Benares ... [et al.]. aManila, Philippines :bArtPostAsia,cc2010. a79 pages :billustrations (some colored) ;c23 cm. aIncludes bibliographical references. gMeeting new friends --tA Step before stepping in : sign lessons --tUnderstanding a world without spoken words --tListening with the heart : insights from the journey.  aSpecial Education aDeafxEducation. 0aSign language. aYang, Krystel. aSchmid, Rhea. aKelly, Christine.  aEduque, Michaela.1 aBenares, Joaquin.